| 000 | 00000nam 2200000za 4500 |
| 001 | 9.643813 |
| 003 | CaOODSP |
| 005 | 20240624082229 |
| 007 | cr ||||||||||| |
| 008 | 150407|1992||||xxc|||||o f|0| 0 fre d |
| 040 | |aCaOODSP|bfre |
| 043 | |an-cn--- |
| 086 | 1 |aCP32-55/3-1992F-PDF |
| 245 | 00|aCommission d'enquête sur l'écrasement d'un avion d'Air Ontario à Dryden (Ontario) - rapport final. Volume III |h[ressource électronique] : |bparties 6-9 / |cVirgil P. Moshansky, commissaire. |
| 260 | |aOttawa : |bBureau du Conseil privé, |cc1992. |
| 300 | |a83, 94, 183, 85, 130 p. : |bphotographies |
| 500 | |aPublication historique numérisée en 2010 par le Bureau du Conseil privé du Canada. |
| 590 | |a15-04-Supp|b2015-03-19 |
| 691 | 07|aAccident d'avion|2gcpds |
| 691 | 07|aCommission d'enquête|2gcpds |
| 710 | 1 |aCanada. |bBureau du Conseil privé. |
| 775 | 08|tCommission of Inquiry Into the Air Ontario Crash at Dryden, Ontario - final report. Volume III : |w(CaOODSP)9.699858 |
| 856 | 40|ahttp://publications.gc.ca|qPDF|s8.76 Mo|uhttps://publications.gc.ca/collections/collection_2014/bcp-pco/CP32-55-3-1992-3-fra.pdf |
| 856 | 40|ahttp://publications.gc.ca|qPDF|s4.93 Mo|uhttps://publications.gc.ca/collections/collection_2014/bcp-pco/CP32-55-3-1992-5-fra.pdf |
| 856 | 40|ahttp://publications.gc.ca|qPDF|s3.80 Mo|uhttps://publications.gc.ca/collections/collection_2014/bcp-pco/CP32-55-3-1992-4-fra.pdf |
| 856 | 40|ahttp://publications.gc.ca|qPDF|s4.55 Mo|uhttps://publications.gc.ca/collections/collection_2014/bcp-pco/CP32-55-3-1992-2-fra.pdf |
| 856 | 40|ahttp://publications.gc.ca|qPDF|s6.20 Mo|uhttps://publications.gc.ca/collections/collection_2014/bcp-pco/CP32-55-3-1992-1-fra.pdf |